Military Weapons - Statistics

General Stats
  • This quiz has been taken 471 times
  • The average score is 7 of 16
Answer Stats
Hint Answer % Correct
M4 5.56x45mm
88%
M240B 7.62x51mm
83%
M9 9x19mm
82%
M107 .50
68%
M2 .50
68%
M1911A1 .45 ACP
53%
M203 40x46mm
51%
Mk 19 Mod 3 40x53mm
51%
M1 Garand .30-06
43%
Gau-8/A Avenger 30x173mm
35%
M1014 12 Gauge
23%
MP7A1 4.6x30mm
16%
M1A1 Carbine .30 Carbine
15%
M249 5.56x45mm
7%
M136 AT4 84mm
6%
M40A3 7.62x51mm
5%
No matching quizzes found
Score Distribution
Percent of People with Each Score
Percentile by Number Answered
Your Score History
You have not taken this quiz